[Event "Wch-U08"]
[Site "Batumi GEO"]
[Date "2016.10.30"]
[Round "11.4"]
[White "Atanasov, Anthony"]
[Black "Amgalantengis, Enkh Amgalan"]
[Result "1/2-1/2"]
[WhiteElo "1546"]
[BlackElo "1494"]
[PlyCount "260"]
[EventDate "2016.10.19"]
[EventType "swiss"]
[EventRounds "11"]
[EventCountry "GEO"]
[Source "Chess Mix"]

1. d4 d5 2. Nf3 Nf6 3. e3 c6 4. h3 Bf5 5. Ne5 e6 6. g4 Be4 7. f3 Bg6 8. h4 h5
9. Nxg6 fxg6 10. g5 Ng8 11. Bd3 Ne7 12. Nc3 Nf5 13. Ne2 Bd6 14. f4 c5 15. Bxf5
gxf5 16. c3 Nd7 17. Ng1 g6 18. Nf3 O-O 19. O-O Rc8 20. b3 Qc7 21. Ne5 Bxe5 22.
dxe5 Rfd8 23. Bb2 Nb8 24. Qf3 Qb6 25. Rac1 a5 26. Qf2 c4 27. b4 axb4 28. cxb4
Qxb4 29. Bd4 Na6 30. Rb1 Qe7 31. Qb2 Rd7 32. Bc3 Qc5 33. Qd2 Ra8 34. Bd4 Qc7
35. Rb6 Re8 36. Qa5 Ree7 37. Rfb1 Qc8 38. Qa3 Kf7 39. Kf2 Rc7 40. R6b5 Rc6 41.
Ke2 Rec7 42. Bb6 Re7 43. Bd4 Ke8 44. Qa4 Rd7 45. Qa3 Nb8 46. Qa8 Na6 47. Qxc8+
Rxc8 48. Rxb7 Rxb7 49. Rxb7 Nc7 50. Kd2 Kd7 51. Kc3 Kc6 52. Rb6+ Kd7 53. a4 Ra8
54. Rb4 Ra6 55. Bc5 Kc6 56. Bd4 Kd7 57. Kb2 Kc6 58. Ka3 Kd7 59. Rb8 Ra8 60. Rb7
Kc8 61. Rb6 Ra6 62. Rb1 Ra8 63. Rb6 Ra6 64. Rb2 Kd7 65. Rb7 Kc8 66. Rb1 Kd7 67.
Kb4 Ra8 68. Ka3 Ra6 69. Rb2 Ra8 70. Rb6 Ra6 71. Rb8 Ra8 72. Rb7 Kc8 73. Rb2 Kd7
74. Rb1 Kc8 75. Bc3 Kd7 76. Bd4 Kc8 77. Rb2 Kd7 78. Rb6 Ra6 79. Rb8 Ra8 80. Rb7
Kc8 81. Rb1 Kd7 82. Bc3 Kc6 83. Bd4 Kd7 84. Rb6 Ra6 85. Rb8 Ra8 86. Rb1 Kc8 87.
Rb2 Kd7 88. Rb6 Ra6 89. Rb1 Ra8 90. Bc3 Kc6 91. Bd4 Kd7 92. Rb4 Ra6 93. Rb8 Ra8
94. Rb6 Ra6 95. Rb1 Ra8 96. Rb2 Ra6 97. Bc3 Kc6 98. Bd4 Kd7 99. Rb8 Ra8 100.
Rb6 Ra6 101. Rb4 Ra8 102. Bc3 Kc6 103. Bd4 Kd7 104. Rb7 Kc8 105. Rb6 Ra6 106.
Rb1 Kd7 107. Rb8 Ra8 108. Rb6 Ra6 109. Rb4 Ra8 110. Rb6 Ra6 111. Rb8 Ra8 112.
Rb2 Ra6 113. Rb4 Ra8 114. Rb2 Ra6 115. Rb1 Ra8 116. Rb6 Ra6 117. Rb7 Kc8 118.
Rb1 Kd7 119. Rb2 Ra8 120. Rb4 Ra6 121. Kb2 Ra8 122. Ka3 Ra6 123. Rb2 Ra8 124.
Rb6 Ra6 125. Rb8 Ra8 126. Rb6 Ra6 127. Rb8 Ra8 128. Rb2 Ra6 129. Rb8 Ra8 130.
Rb1 Ra6 1/2-1/2

[Event "NAYCC U08"]
[Site "Windsor CAN"]
[Date "2016.08.07"]
[Round "1.165"]
[White "Atanasov, Anthony"]
[Black "Locham, Divjot"]
[Result "1-0"]
[WhiteElo "1517"]
[BlackElo "799"]
[PlyCount "53"]
[EventDate "2016.08.07"]
[EventType "swiss"]
[EventRounds "9"]
[EventCountry "CAN"]

1. d4 d5 2. c4 c6 3. e3 e6 4. Nf3 Bb4+ 5. Bd2 Na6 6. Bxb4 Nxb4 7. a3 Na6 8. Nc3
Nf6 9. Bd3 O-O 10. O-O Re8 11. e4 dxe4 12. Nxe4 Nxe4 13. Bxe4 f5 14. Bc2 b6 15.
Ne5 Bb7 16. Ba4 Nb8 17. f4 a6 18. Qh5 Qxd4+ 19. Kh1 Rf8 20. Rf3 c5 21. Rg3 Qxb2
22. Rd1 Qf2 23. Rxg7+ Kxg7 24. Qg5+ Kh8 25. Nf7+ Rxf7 26. Rd8+ Rf8 27. Rxf8#
1-0

[Event "NAYCC U08"]
[Site "Windsor CAN"]
[Date "2016.08.08"]
[Round "2.165"]
[White "Krishnakumar, Sriram"]
[Black "Atanasov, Anthony"]
[Result "0-1"]
[WhiteElo "1302"]
[BlackElo "1517"]
[PlyCount "90"]
[EventDate "2016.08.07"]
[EventType "swiss"]
[EventRounds "9"]
[EventCountry "CAN"]

1. e4 c5 2. Nf3 d6 3. d4 cxd4 4. Nxd4 Nf6 5. Nc3 a6 6. Bc4 e6 7. Bb3 Be7 8. O-O
O-O 9. f4 Nc6 10. f5 Qb6 11. Be3 e5 12. Na4 Qa7 13. c3 exd4 14. cxd4 Nxe4 15.
Qd3 Nf6 16. d5 Ne5 17. Qd2 Ne4 18. Qe2 Nc5 19. Bxc5 dxc5 20. Qxe5 Bf6 21. Qd6
c4+ 22. Qb6 Bd4+ 23. Kh1 Bxb6 24. Nxb6 Qxb6 25. Bxc4 Qxb2 26. Rad1 b5 27. Bb3
Bb7 28. Rg1 a5 29. d6 a4 30. Bd5 Bxd5 31. Rxd5 Qxa2 32. Rxb5 a3 33. d7 Qe2 34.
Rd5 a2 35. Rgd1 a1=Q 36. d8=Q Raxd8 37. Rxa1 Rxd5 38. h3 Rd1+ 39. Rxd1 Qxd1+
40. Kh2 Re8 41. h4 Re4 42. h5 Qxh5+ 43. Kg1 Qh4 44. g4 Qg3+ 45. Kf1 Re1# 0-1

[Event "NAYCC U08"]
[Site "Windsor CAN"]
[Date "2016.08.08"]
[Round "3.162"]
[White "Atanasov, Anthony"]
[Black "Prestia, Sebastian"]
[Result "1-0"]
[WhiteElo "1517"]
[BlackElo "1385"]
[PlyCount "57"]
[EventDate "2016.08.07"]
[EventType "swiss"]
[EventRounds "9"]
[EventCountry "CAN"]

1. d4 e6 2. c4 Nf6 3. Nc3 Bb4 4. Qc2 Nc6 5. Nf3 d5 6. a3 Bxc3+ 7. bxc3 dxc4 8.
e4 b5 9. Bg5 h6 10. Bh4 g5 11. Bg3 Bb7 12. Rb1 a6 13. Nd2 Qe7 14. Bxc4 e5 15.
d5 Nd8 16. Ba2 c6 17. O-O cxd5 18. exd5 Nxd5 19. Ne4 h5 20. Bxd5 Bxd5 21. Rfe1
Nc6 22. Rbd1 Qe6 23. Rxd5 f5 24. Rd6 Qc8 25. Nxg5 e4 26. Nxe4 fxe4 27. Qxe4+
Kf8 28. Rf6+ Kg8 29. Qg6# 1-0

[Event "NAYCC U08"]
[Site "Windsor CAN"]
[Date "2016.08.09"]
[Round "4.163"]
[White "Xu, Daniel"]
[Black "Atanasov, Anthony"]
[Result "0-1"]
[WhiteElo "1486"]
[BlackElo "1517"]
[PlyCount "86"]
[EventDate "2016.08.07"]
[EventType "swiss"]
[EventRounds "9"]
[EventCountry "CAN"]

1. e4 c5 2. Nf3 d6 3. d4 cxd4 4. Nxd4 Nf6 5. Nc3 a6 6. Be3 e6 7. f3 b5 8. a3
Nbd7 9. Be2 Bb7 10. Qd2 Rc8 11. O-O Be7 12. a4 b4 13. Na2 d5 14. Nxb4 a5 15.
Na2 dxe4 16. f4 Nd5 17. Bf2 Bd6 18. Be1 Qb6 19. g3 Qxb2 20. Bf2 Qa3 21. Nb5
Bxf4 22. gxf4 Qh3 23. Nd6+ Kf8 24. Nxb7 e3 25. Bxe3 Nxe3 26. Rf2 Nf6 27. Bf3
Ne4 28. Qd3 Qh4 29. Be2 Nd5 30. Qg3 Qf6 31. Re1 Ne3 32. Nc1 Nxc2 33. Rd1 Nc3
34. Nd3 Nxd1 35. Bxd1 Qd4 36. Be2 Nb4 37. Ne5 g6 38. Qg5 Kg7 39. Qe7 Rhf8 40.
Nd6 Nd5 41. Qg5 f6 42. Qh4 Rc1+ 43. Kg2 Ne3+ 0-1

[Event "NAYCC U08"]
[Site "Windsor CAN"]
[Date "2016.08.09"]
[Round "5.163"]
[White "Atanasov, Anthony"]
[Black "Mishra, Abhimanyu"]
[Result "1/2-1/2"]
[WhiteElo "1517"]
[BlackElo "1924"]
[PlyCount "114"]
[EventDate "2016.08.07"]
[EventType "swiss"]
[EventRounds "9"]
[EventCountry "CAN"]

1. d4 d5 2. c4 e6 3. Nc3 Nf6 4. Bg5 Be7 5. e3 h6 6. Bh4 O-O 7. Nf3 b6 8. cxd5
Nxd5 9. Bxe7 Qxe7 10. Bd3 Bb7 11. Nxd5 exd5 12. O-O Nd7 13. Re1 c5 14. Qe2 Nf6
15. Ne5 Rac8 16. Rac1 c4 17. Bf5 Rc7 18. b3 b5 19. e4 Nxe4 20. Bxe4 dxe4 21.
bxc4 bxc4 22. Rxc4 Bd5 23. Rxc7 Qxc7 24. h3 Qc3 25. Qe3 Rc8 26. Ng4 f5 27. Ne5
f4 28. Qxc3 Rxc3 29. Ng6 Bxa2 30. Nxf4 Bf7 31. Rxe4 Rc1+ 32. Kh2 Rd1 33. Ne2
Rd3 34. Re7 Rd2 35. Ng3 Rxd4 36. Rxa7 Rf4 37. f3 Bg6 38. Re7 Rf7 39. Re6 Rf6
40. Re5 Kf7 41. Ne4 Re6 42. Rxe6 Kxe6 43. Nf2 Bc2 44. Kg3 g6 45. h4 Kf7 46. Ne4
Ke6 47. Kf4 Bb1 48. g4 Bc2 49. Nc5+ Kf6 50. Nd7+ Ke6 51. Ne5 g5+ 52. hxg5 hxg5+
53. Kxg5 Kxe5 54. f4+ Ke6 55. Kh6 Kf6 56. Kh5 Bd1 57. Kh4 Bxg4 1/2-1/2

[Event "NAYCC U08"]
[Site "Windsor CAN"]
[Date "2016.08.10"]
[Round "6.163"]
[White "Zhong, Kevin"]
[Black "Atanasov, Anthony"]
[Result "1-0"]
[WhiteElo "1360"]
[BlackElo "1517"]
[PlyCount "109"]
[EventDate "2016.08.07"]
[EventType "swiss"]
[EventRounds "9"]
[EventCountry "CAN"]

1. e4 c5 2. Ne2 e6 3. d4 cxd4 4. Nxd4 Nf6 5. Nc3 a6 6. Be2 d6 7. O-O b5 8. Bf3
Ra7 9. Be3 Rd7 10. a3 Bb7 11. b4 Qc8 12. Qd3 Rc7 13. Nde2 Nbd7 14. Bd4 Be7 15.
a4 bxa4 16. Rxa4 O-O 17. Rd1 Rd8 18. Raa1 Ne5 19. Qe3 Nc4 20. Qc1 d5 21. exd5
Nxd5 22. Nxd5 exd5 23. c3 Qf5 24. Ng3 Qg5 25. Qc2 Qg6 26. Qb3 Bd6 27. Nh5 Ne5
28. Be2 Re7 29. Nf4 Nf3+ 30. Bxf3 Bxf4 31. Bc5 Re5 32. Bd4 Rf5 33. Qc2 Bxh2+
34. Kf1 Bc6 35. c4 Rc8 36. Rxa6 Bd6 37. Be3 Bb5 38. Rxd6 Qxd6 39. Qxf5 Bxc4+
40. Kg1 Rd8 41. Bc5 Qc6 42. Qg5 f6 43. Qf4 Qb5 44. Qc7 Rd7 45. Qc8+ Kf7 46.
Qf8+ Kg6 47. Qe8+ Rf7 48. Bh5+ Kxh5 49. Qxf7+ Kg5 50. Qxg7+ Kf5 51. g4+ Kf4 52.
Be3+ Kf3 53. Qxf6+ Kxg4 54. Qf4+ Kh5 55. Qg5# 1-0

[Event "NAYCC U08"]
[Site "Windsor CAN"]
[Date "2016.08.10"]
[Round "7.164"]
[White "Sloan, Jed"]
[Black "Atanasov, Anthony"]
[Result "1/2-1/2"]
[WhiteElo "1553"]
[BlackElo "1517"]
[PlyCount "84"]
[EventDate "2016.08.07"]
[EventType "swiss"]
[EventRounds "9"]
[EventCountry "CAN"]

1. e4 c5 2. Nf3 d6 3. d4 cxd4 4. Nxd4 Nf6 5. Nc3 a6 6. Be2 e6 7. Be3 Nbd7 8. f4
b5 9. a3 Bb7 10. Bf3 Rc8 11. O-O Be7 12. Qe1 O-O 13. Qg3 Nb6 14. e5 Nfd5 15.
Nxd5 Nxd5 16. Bxd5 Bxd5 17. f5 dxe5 18. Bh6 g6 19. Bxf8 Bxf8 20. Qxe5 exf5 21.
Nxf5 Rxc2 22. Ne3 Bc5 23. Rf2 Rxf2 24. Kxf2 Bxe3+ 25. Kxe3 Bxg2 26. Qd4 Qg5+
27. Qf4 Qc5+ 28. Qd4 Qf5 29. Qd8+ Kg7 30. Qd4+ f6 31. Qf4 Qc2 32. Qd4 Bc6 33.
Rf1 Qb3+ 34. Kd2 Qe6 35. Qa7+ Bd7 36. Re1 Qd6+ 37. Kc1 Kh6 38. Qe3+ g5 39. Rd1
Qc7+ 40. Qc3 Qf4+ 41. Kb1 Bg4 42. Re1 Kg6 1/2-1/2

[Event "NAYCC U08"]
[Site "Windsor CAN"]
[Date "2016.08.11"]
[Round "8.165"]
[White "Atanasov, Anthony"]
[Black "Ning, Eric"]
[Result "1-0"]
[WhiteElo "1517"]
[BlackElo "1508"]
[PlyCount "131"]
[EventDate "2016.08.07"]
[EventType "swiss"]
[EventRounds "9"]
[EventCountry "CAN"]

1. d4 Nf6 2. c4 g6 3. Nc3 d5 4. Bg5 c6 5. Rc1 Bg7 6. Bxf6 Bxf6 7. cxd5 O-O 8.
dxc6 Nxc6 9. e3 Qd7 10. Bb5 a6 11. Ba4 Qd6 12. Nge2 b5 13. Bb3 Bb7 14. O-O Na5
15. Bc2 Bg7 16. Be4 Rfd8 17. Ng3 Qb6 18. Qf3 e6 19. Rfd1 Rac8 20. Bxb7 Nxb7 21.
Nce4 f5 22. Nc3 a5 23. Nce2 Nd6 24. b3 a4 25. Nf4 Nf7 26. Qe2 axb3 27. axb3 Bh6
28. Nd3 Rxc1 29. Rxc1 Qd6 30. h3 Qa3 31. Qd1 e5 32. Ra1 Qd6 33. Nc5 Qd5 34. Ne2
exd4 35. Qxd4 Qc6 36. Qb4 Rc8 37. Nd3 Bg7 38. Rc1 Qb7 39. Rxc8+ Qxc8 40. Qxb5
Kh8 41. Nef4 Nd6 42. Qc5 Qb8 43. Ne6 Ne4 44. Qc7 Qg8 45. Nxg7 Qxg7 46. Qd8+ Qg8
47. Qd4+ Qg7 48. Ne5 Qf6 49. f3 Nd6 50. Qxd6 Qxd6 51. Nf7+ Kg7 52. Nxd6 Kf6 53.
b4 Ke6 54. Nc4 Kd5 55. b5 Kc5 56. b6 Kc6 57. e4 fxe4 58. fxe4 h5 59. e5 Kd7 60.
e6+ Kxe6 61. b7 h4 62. b8=Q g5 63. Qe5+ Kf7 64. Nd6+ Kg6 65. Qf5+ Kh5 66. Qh7#
1-0

[Event "NAYCC U08"]
[Site "Windsor CAN"]
[Date "2016.08.11"]
[Round "9.164"]
[White "Chang, Alexander RZ"]
[Black "Atanasov, Anthony"]
[Result "0-1"]
[WhiteElo "1192"]
[BlackElo "1517"]
[PlyCount "64"]
[EventDate "2016.08.07"]
[EventType "swiss"]
[EventRounds "9"]
[EventCountry "CAN"]

1. d4 f5 2. e3 Nf6 3. Nf3 g6 4. c4 Bg7 5. Bd3 O-O 6. O-O d6 7. Nbd2 Qe8 8. b4
e5 9. Bc2 e4 10. Ne1 Nc6 11. a3 g5 12. Bb3 Ne7 13. f3 c5 14. Nc2 Nc6 15. Re1
Nd7 16. Bb2 Qg6 17. fxe4 fxe4 18. Rb1 b6 19. b5 Ne7 20. d5 Ne5 21. Rf1 Bg4 22.
Rxf8+ Rxf8 23. Qe1 Nd3 24. Qg3 h5 25. h3 Bxb2 26. hxg4 h4 27. Qh3 Nf2 28. Qh2
Be5 29. g3 Bxg3 30. Qg2 Qf6 31. Rf1 Qe5 32. Na1 h3 0-1

[Event "CYCC U08"]
[Site "Windsor CAN"]
[Date "2016.07.05"]
[Round "1.115"]
[White "Atanasov, Anthony"]
[Black "Chen, Andrew"]
[Result "1-0"]
[WhiteElo "1802"]
[BlackElo "799"]
[PlyCount "123"]
[EventDate "2016.07.05"]
[EventType "swiss"]
[EventRounds "7"]
[EventCountry "CAN"]

1. d4 c5 2. d5 Nf6 3. c4 e5 4. Nc3 Na6 5. e4 b6 6. Nf3 Bb7 7. Be2 Bd6 8. Bg5 h6
9. Bh4 Qc7 10. Bg3 O-O 11. Nb5 Qb8 12. Nxd6 Qxd6 13. Bxe5 Qe7 14. Bxf6 Qxf6 15.
e5 Qf5 16. O-O Rfe8 17. a3 Rad8 18. Qd3 Qxd3 19. Bxd3 d6 20. exd6 Rxd6 21. Rfe1
Rf8 22. Re7 Bc8 23. Rxa7 Rd7 24. Rxd7 Bxd7 25. Re1 Bg4 26. h3 Bxf3 27. gxf3 g5
28. Bf5 Nc7 29. d6 Ne6 30. Bxe6 fxe6 31. Rxe6 Rd8 32. d7 Rxd7 33. Rxb6 h5 34.
Rg6+ Rg7 35. Rxg7+ Kxg7 36. a4 Kf6 37. a5 Ke6 38. a6 Kf6 39. a7 Ke6 40. a8=R
Kf6 41. Rc8 Ke6 42. Rxc5 g4 43. fxg4 h4 44. b4 Kd6 45. b5 Kxc5 46. g5 Kd6 47.
b6 Kc6 48. c5 Kxc5 49. b7 Kb6 50. b8=B Kb7 51. g6 Kxb8 52. g7 Kc7 53. g8=Q Kb6
54. f4 Kc6 55. f5 Kd6 56. f6 Ke5 57. f7 Kf6 58. f8=R+ Ke5 59. Re8+ Kf4 60. Qf8+
Kg3 61. Qf2+ Kxh3 62. Qf3# 1-0

[Event "CYCC U08"]
[Site "Windsor CAN"]
[Date "2016.07.06"]
[Round "2.113"]
[White "Wang, Daniel"]
[Black "Atanasov, Anthony"]
[Result "0-1"]
[WhiteElo "1144"]
[BlackElo "1802"]
[PlyCount "60"]
[EventDate "2016.07.05"]
[EventType "swiss"]
[EventRounds "7"]
[EventCountry "CAN"]

1. e4 c5 2. c3 Nf6 3. e5 Nd5 4. d4 cxd4 5. Nf3 e6 6. cxd4 Nc6 7. Be2 d6 8. O-O
Be7 9. Nc3 O-O 10. Bd3 Ndb4 11. Bb1 dxe5 12. dxe5 Nd5 13. Qd3 f5 14. exf6 Nxf6
15. Re1 Nb4 16. Qe2 b6 17. Ng5 Kh8 18. Qf3 Bc5 19. Qxa8 Bxf2+ 20. Kh1 Bxe1 21.
Qf3 Bxc3 22. bxc3 Ng4 23. Qe2 Ba6 24. Qe1 Qd6 25. g3 Bb7+ 26. Be4 Nd3 27. Qe2
Ndf2+ 28. Kg2 Nxe4 29. Nxe4 Rf2+ 30. Kg1 Rxe2 0-1

[Event "CYCC U08"]
[Site "Windsor CAN"]
[Date "2016.07.06"]
[Round "3.113"]
[White "Atanasov, Anthony"]
[Black "Chang, Alexander RZ"]
[Result "1/2-1/2"]
[WhiteElo "1802"]
[BlackElo "886"]
[PlyCount "110"]
[EventDate "2016.07.05"]
[EventType "swiss"]
[EventRounds "7"]
[EventCountry "CAN"]

1. d4 d5 2. c4 dxc4 3. e3 e5 4. Bxc4 exd4 5. exd4 Bd6 6. Nf3 Nf6 7. O-O O-O 8.
Bg5 Bg4 9. h3 Bh5 10. Nbd2 Nbd7 11. Qc2 Bg6 12. Bd3 Bxd3 13. Qxd3 Nc5 14. Qf5
Ncd7 15. Ne4 Be7 16. Nxf6+ Nxf6 17. Rfe1 Re8 18. Qb5 Qd5 19. Re5 Qxb5 20. Rxb5
b6 21. Re5 h6 22. Rae1 Kf8 23. Bd2 Bd6 24. R5e2 Rxe2 25. Rxe2 Re8 26. Kf1 Nd5
27. g3 f6 28. Rxe8+ Kxe8 29. Ke2 Kd7 30. a3 g5 31. Kd3 b5 32. Ne1 Nb6 33. Nc2
Nc4 34. Bc3 f5 35. a4 a6 36. a5 Be7 37. Ne3 Nxe3 38. fxe3 Ke6 39. g4 c6 40. Bd2
c5 41. gxf5+ Kxf5 42. e4+ Ke6 43. b3 cxd4 44. Kxd4 h5 45. b4 g4 46. hxg4 hxg4
47. Be1 g3 48. Bxg3 Bxb4 49. Bc7 Bd6 50. Bb6 Kd7 51. e5 Be7 52. Kd5 b4 53. Kc4
Ke6 54. Bd4 Bf8 55. Bb2 Be7 1/2-1/2

[Event "CYCC U08"]
[Site "Windsor CAN"]
[Date "2016.07.07"]
[Round "4.114"]
[White "Vo, Phu"]
[Black "Atanasov, Anthony"]
[Result "0-1"]
[WhiteElo "1357"]
[BlackElo "1802"]
[PlyCount "92"]
[EventDate "2016.07.05"]
[EventType "swiss"]
[EventRounds "7"]
[EventCountry "CAN"]

1. f4 Nf6 2. Nf3 g6 3. e3 Bg7 4. Be2 O-O 5. O-O d5 6. Nc3 c5 7. d4 Ne4 8. Nxe4
dxe4 9. Ng5 cxd4 10. Nxe4 dxe3 11. Bxe3 Bxb2 12. Rb1 Bg7 13. Qxd8 Rxd8 14. Rfd1
Rxd1+ 15. Rxd1 Nc6 16. Bb5 Bg4 17. Rd2 a6 18. Bxc6 bxc6 19. h3 Bf5 20. Nc5 Bc3
21. Rd1 a5 22. Na4 Bg7 23. Nb6 Rb8 24. Nd7 Rb2 25. Bd4 Bxd4+ 26. Rxd4 Bxd7 27.
Rxd7 Rxc2 28. Rxe7 Rxa2 29. Rc7 Rc2 30. Ra7 Rc4 31. Rxa5 Rxf4 32. Rc5 Rf6 33.
Kh2 Rd6 34. Kg3 Kg7 35. Kf4 Kf6 36. g4 g5+ 37. Rxg5 Rd4+ 38. Ke3 Kxg5 39. Kxd4
Kh4 40. Ke5 Kxh3 41. g5 c5 42. Kf6 Kh4 43. Kxf7 Kxg5 44. Kg7 c4 45. Kxh7 c3 46.
Kg7 c2 0-1

[Event "CYCC U08"]
[Site "Windsor CAN"]
[Date "2016.07.07"]
[Round "5.116"]
[White "Atanasov, Anthony"]
[Black "Xu, Daniel"]
[Result "1-0"]
[WhiteElo "1802"]
[BlackElo "1519"]
[PlyCount "181"]
[EventDate "2016.07.05"]
[EventType "swiss"]
[EventRounds "7"]
[EventCountry "CAN"]

1. d4 d5 2. c4 c6 3. e3 Nf6 4. Nc3 Bf5 5. cxd5 cxd5 6. Qb3 Qd7 7. Nf3 Nc6 8.
Ne5 Qc7 9. Bb5 e6 10. Qa4 Rc8 11. Qxa7 Bd6 12. O-O O-O 13. Bxc6 bxc6 14. Qxc7
Rxc7 15. f4 Bxe5 16. fxe5 Ne4 17. Nxe4 Bxe4 18. Bd2 Rb8 19. b4 Bd3 20. Rfd1 Bc4
21. a4 Ra7 22. Rdc1 h6 23. e4 Rba8 24. exd5 cxd5 25. a5 Rb7 26. Rcb1 Ra6 27.
Kf2 Kf8 28. Ke1 Ke7 29. Kd1 Kd7 30. Kc2 Kc6 31. Kb2 Kb5 32. Ka3 Kc6 33. Ka4
Bb5+ 34. Kb3 Bc4+ 35. Kc2 Kb5 36. Ra3 h5 37. Rc3 g6 38. Kb2 Rc7 39. Ka3 Raa7
40. h3 Ra8 41. Bg5 Rac8 42. Rbc1 Ka6 43. Bd2 Kb5 44. R1c2 Ra8 45. Kb2 Rb8 46.
Rc1 Ka6 47. Rb3 Kb5 48. Rf3 Ka6 49. Bc3 Kb5 50. Rc2 Rg8 51. Rcf2 Rg7 52. Bd2
Rh7 53. Ka3 Ka6 54. Bg5 Rd7 55. Ka4 Bb5+ 56. Kb3 Bc4+ 57. Kc2 Kb5 58. Bd2 Rc7
59. Bc3 Ra7 60. Kd2 Rc7 61. Ke3 Ra7 62. Kf4 Rc7 63. Kg5 Ra7 64. Kf6 Rc7 65. Bd2
Ra7 66. Bh6 Rc7 67. Bf8 Ra7 68. Bc5 Rb7 69. Ra3 Ka6 70. Bb6 Rd7 71. Rb2 Kb5 72.
h4 Bf1 73. Bc5 Ka6 74. Rc3 Bb5 75. Bf8 Bc4 76. Rc1 Rb7 77. Bc5 Bb5 78. Bb6 Bc4
79. Rxc4 Rxb6 80. Rc6 Rxc6 81. b5+ Kb7 82. bxc6+ Kxc6 83. Rb8 Kc7 84. Rf8 Kc6
85. Rxf7 Rh8 86. Kxe6 Ra8 87. Kf6 Rxa5 88. e6 Ra2 89. e7 Rf2+ 90. Kg7 Re2 91.
Kf8 1-0

[Event "CYCC U08"]
[Site "Windsor CAN"]
[Date "2016.07.08"]
[Round "6.115"]
[White "Qin, Vincent"]
[Black "Atanasov, Anthony"]
[Result "0-1"]
[WhiteElo "1168"]
[BlackElo "1802"]
[PlyCount "76"]
[EventDate "2016.07.05"]
[EventType "swiss"]
[EventRounds "7"]
[EventCountry "CAN"]

1. d4 f5 2. c4 Nf6 3. Nc3 g6 4. Bf4 Bg7 5. e3 O-O 6. Nf3 d6 7. Qb3 Kh8 8. Bd3
Qe8 9. O-O Nc6 10. d5 Nd8 11. Rfe1 e5 12. dxe6 Nxe6 13. Rad1 Nc5 14. Qc2 Nfe4
15. Bxe4 fxe4 16. Ng5 Nd3 17. Re2 Nxf4 18. exf4 Rxf4 19. Ngxe4 Bf5 20. Rde1 Qd7
21. Qd2 Be5 22. g3 Rf3 23. Ng5 Rd3 24. Qc1 Re8 25. f4 Bd4+ 26. Kh1 Rxe2 27.
Rxe2 h6 28. Qe1 Be3 29. Rxe3 Rxe3 30. Qxe3 hxg5 31. Qd4+ Kg8 32. Nd5 Qe6 33.
Nf6+ Kf7 34. fxg5 Qe1+ 35. Kg2 Qe2+ 36. Qf2 Bh3+ 37. Kg1 Qd1+ 38. Qe1 Qxe1# 0-1

[Event "CYCC U08"]
[Site "Windsor CAN"]
[Date "2016.07.08"]
[Round "7.115"]
[White "Atanasov, Anthony"]
[Black "Zhong, Kevin"]
[Result "0-1"]
[WhiteElo "1802"]
[BlackElo "1335"]
[PlyCount "116"]
[EventDate "2016.07.05"]
[EventType "swiss"]
[EventRounds "7"]
[EventCountry "CAN"]

1. d4 d5 2. c4 e6 3. Nc3 c5 4. e3 Nf6 5. Nf3 Nc6 6. Bd3 dxc4 7. Bxc4 cxd4 8.
exd4 Be7 9. O-O O-O 10. Bf4 Nb4 11. h3 Nbd5 12. Bh2 b6 13. Nxd5 Nxd5 14. Rc1
Bb7 15. Ne5 Bg5 16. Rc2 Nf4 17. Bxf4 Bxf4 18. Re1 Qg5 19. f3 Kh8 20. Bb5 f6 21.
Rc7 fxe5 22. Rxb7 exd4 23. Qxd4 Rad8 24. Qc4 Rd2 25. Qf1 Be3+ 26. Kh2 Rf2 27.
Qg1 Qf4+ 28. Kh1 Rxf3 29. Rxe3 Rxe3 30. Rd7 Qe4 31. Kh2 Qe5+ 32. g3 Ref3 33.
Bf1 Qe1 34. Bg2 Qxg3+ 35. Kh1 Re3 36. Rd1 e5 37. Qh2 Re1+ 38. Rxe1 Qxe1+ 39.
Qg1 Qxg1+ 40. Kxg1 Rd8 41. Kh2 Rd2 42. a4 Rxb2 43. a5 Rxg2+ 44. Kxg2 bxa5 45.
h4 a4 46. h5 a3 47. h6 a2 48. hxg7+ Kxg7 49. Kf3 a1=Q 50. Ke4 Qd1 51. Ke3 a5
52. Kf2 a4 53. Ke3 a3 54. Ke4 a2 55. Kf5 a1=R 56. Kg5 Qg1+ 57. Kh5 Ra2 58. Kh4
Rh2# 0-1

[Event "CYCC U08"]
[Site "Windsor CAN"]
[Date "2015.07.06"]
[Round "1.122"]
[White "Xu, Andrew"]
[Black "Atanasov, Anthony"]
[Result "0-1"]
[WhiteElo "844"]
[BlackElo "1356"]
[PlyCount "64"]
[EventDate "2015.07.06"]
[EventType "swiss"]
[EventRounds "7"]
[EventCountry "CAN"]

1. e4 c5 2. Nf3 d6 3. Bc4 Nf6 4. d3 Nc6 5. Nc3 e6 6. O-O Be7 7. Be3 O-O 8. a3
a6 9. h3 d5 10. exd5 exd5 11. Ba2 d4 12. Bxd4 cxd4 13. Ne2 b5 14. c3 Bc5 15.
Ng5 Nh5 16. Qd2 Be6 17. Nxe6 fxe6 18. cxd4 Nxd4 19. Nxd4 Bxd4 20. Rab1 Rc8 21.
Qd1 Qf6 22. Qe2 Nf4 23. Qe4 Kh8 24. Rbd1 Rc2 25. Bb1 Rxb2 26. Rde1 Qg5 27. Qf3
Ne2+ 28. Qxe2 Rxe2 29. Rxe2 Qg6 30. Rfe1 Qg3 31. Kh1 Rxf2 32. Ra2 Qxg2# 0-1

[Event "CYCC U08"]
[Site "Windsor CAN"]
[Date "2015.07.07"]
[Round "2.121"]
[White "Atanasov, Anthony"]
[Black "Srinivas, Atharva"]
[Result "1-0"]
[WhiteElo "1356"]
[BlackElo "817"]
[PlyCount "139"]
[EventDate "2015.07.06"]
[EventType "swiss"]
[EventRounds "7"]
[EventCountry "CAN"]

1. d4 d5 2. c4 dxc4 3. e3 Bf5 4. Bxc4 e6 5. Nc3 Bb4 6. Qa4+ Nd7 7. Qxb4 Ngf6 8.
Nge2 e5 9. dxe5 c5 10. Qxb7 Nxe5 11. Bb5+ Bd7 12. Nd5 Bxb5 13. Qxb5+ Nfd7 14.
f4 a6 15. Qb3 c4 16. Qc3 Nd3+ 17. Kf1 Rc8 18. Qxg7 Rf8 19. Qxh7 Nb6 20. Qe4+
Kd7 21. Nd4 Nxd5 22. Qxd5+ Ke7 23. Nf5+ Ke8 24. Nd6+ Ke7 25. Nxc8+ Qxc8 26. b3
Rd8 27. Ba3+ Ke8 28. Qe4+ Kd7 29. Rd1 Kc7 30. Qxc4+ Kb8 31. Rxd3 Qxc4 32. bxc4
Rxd3 33. Ke2 Rxa3 34. Rb1+ Kc7 35. Rb2 Ra4 36. Kd3 Kc6 37. Kd4 Kd6 38. h4 Ra5
39. g4 f5 40. c5+ Rxc5 41. Rb6+ Rc6 42. Rxc6+ Kxc6 43. gxf5 Kd6 44. f6 Ke6 45.
f5+ Kxf6 46. h5 Kxf5 47. h6 Kg6 48. h7 Kxh7 49. e4 Kg7 50. e5 Kf7 51. Kc5 Ke6
52. Kb6 Kxe5 53. Kxa6 Kd6 54. Kb6 Kd7 55. Kb7 Kd6 56. a4 Kc5 57. a5 Kb5 58. a6
Kc5 59. a7 Kd4 60. a8=Q Ke5 61. Qa4 Kd5 62. Qf4 Ke6 63. Qg5 Kd6 64. Qf5 Ke7 65.
Qg6 Kd7 66. Qf6 Ke8 67. Qg7 Kd8 68. Kc6 Ke8 69. Kd6 Kd8 70. Qd7# 1-0

[Event "CYCC U08"]
[Site "Windsor CAN"]
[Date "2015.07.07"]
[Round "3.121"]
[White "Offengenden, Ron"]
[Black "Atanasov, Anthony"]
[Result "0-1"]
[WhiteElo "1193"]
[BlackElo "1356"]
[PlyCount "80"]
[EventDate "2015.07.06"]
[EventType "swiss"]
[EventRounds "7"]
[EventCountry "CAN"]

1. d4 f5 2. Nf3 Nf6 3. Nc3 g6 4. Bf4 Bg7 5. Be5 O-O 6. Bxf6 Rxf6 7. e3 Rb6 8.
b3 c5 9. Bc4+ Kh8 10. Ng5 Rf6 11. Nd5 Rf8 12. O-O e6 13. Nf4 Qxg5 14. a4 cxd4
15. Nh3 Qh4 16. exd4 Bxd4 17. g3 Qf6 18. Rb1 Nc6 19. b4 Ne5 20. Be2 b6 21. Kh1
Bb7+ 22. f3 Ng4 23. Qe1 Ne3 24. c3 Bxc3 25. Qc1 Nxf1 26. Qxf1 g5 27. b5 Qh6 28.
Rd1 Rad8 29. Rc1 Rc8 30. Qd1 g4 31. Rxc3 Rxc3 32. Qd4+ Qg7 33. Qxg7+ Kxg7 34.
Nf4 gxf3 35. Bf1 e5 36. Kg1 exf4 37. gxf4 Rc2 38. Bh3 f2+ 39. Kf1 Re8 40. Bg2
Re1# 0-1

[Event "CYCC U08"]
[Site "Windsor CAN"]
[Date "2015.07.08"]
[Round "4.120"]
[White "Atanasov, Anthony"]
[Black "Guipi Bopala, Prince Eric jr"]
[Result "1-0"]
[WhiteElo "1356"]
[BlackElo "1142"]
[PlyCount "57"]
[EventDate "2015.07.06"]
[EventType "swiss"]
[EventRounds "7"]
[EventCountry "CAN"]

1. d4 Nf6 2. c4 g6 3. Nc3 Bg7 4. e4 d6 5. Nf3 O-O 6. Bd3 Nbd7 7. O-O e5 8. Bg5
exd4 9. Nxd4 h6 10. Bh4 a5 11. Nd5 Re8 12. Re1 c6 13. Nc3 Qc7 14. Re3 Nc5 15.
Rg3 Ncxe4 16. Bxe4 Nxe4 17. Re3 Nf6 18. Bxf6 Rxe3 19. Bxg7 Rxc3 20. Qd2 Kxg7
21. Qxc3 Kh7 22. Re1 f6 23. Re8 g5 24. Nxc6 Qxc6 25. Re7+ Kg8 26. Qxf6 Qxg2+
27. Kxg2 Bh3+ 28. Kxh3 Rf8 29. Qg7# 1-0